ბათუმის შოთა რუსთაველის სახელმწიფო უნივერსიტეტის ბიბლიოთეკა

Research methods in tourism, hospitality & events management / (ბიბ.ჩანაწერი № 57765)

000 -LEADER
fixed length control field 01330cam a2200313 i 4500
001 - CONTROL NUMBER
control field 19456966
005 - DATE AND TIME OF LATEST TRANSACTION
control field 20221108163142.0
008 - FIXED-LENGTH DATA ELEMENTS--GENERAL INFORMATION
fixed length control field 170119s2017 enka b 001 0 eng d
020 ## - INTERNATIONAL STANDARD BOOK NUMBER
International Standard Book Number 9781473919150 X
080 ## - UNIVERSAL DECIMAL CLASSIFICATION NUMBER
Universal Decimal Classification number 338.48 B-90
100 1# - MAIN ENTRY--PERSONAL NAME
Personal name Brunt, Paul,
Relator term author.
9 (RLIN) 9717
245 10 - TITLE STATEMENT
Title Research methods in tourism, hospitality & events management /
Statement of responsibility, etc. Paul Brunt, Susan Horner & Natalie Semley.
264 #1 - PRODUCTION, PUBLICATION, DISTRIBUTION, MANUFACTURE, AND COPYRIGHT NOTICE
Place of production, publication, distribution, manufacture Los Angeles :
Name of producer, publisher, distributor, manufacturer Sage Publications,
Date of production, publication, distribution, manufacture, or copyright notice 2017.
300 ## - PHYSICAL DESCRIPTION
Extent 344 pages :
Other physical details illustrations ;
Dimensions 24 cm.
650 #0 - SUBJECT ADDED ENTRY--TOPICAL TERM
Topical term or geographic name entry element Tourism
General subdivision Research
-- Methodology.
9 (RLIN) 9718
650 #0 - SUBJECT ADDED ENTRY--TOPICAL TERM
Topical term or geographic name entry element Hospitality industry
General subdivision Research.
9 (RLIN) 9719
650 #0 - SUBJECT ADDED ENTRY--TOPICAL TERM
Topical term or geographic name entry element Special events
General subdivision Management
-- Research.
9 (RLIN) 9720
650 #7 - SUBJECT ADDED ENTRY--TOPICAL TERM
Topical term or geographic name entry element Hospitality industry
Source of heading or term fast
Authority record control number or standard number (OCoLC)fst00961155
9 (RLIN) 9721
653 ## - INDEX TERM--UNCONTROLLED
keyword ეკონომიკა
653 ## - INDEX TERM--UNCONTROLLED
keyword ტურიზმი
653 ## - INDEX TERM--UNCONTROLLED
keyword სტუმართმოყვარეობის ინდუსტრია
653 ## - INDEX TERM--UNCONTROLLED
keyword სპეციალური ღონისძიებები
700 1# - ADDED ENTRY--PERSONAL NAME
Personal name Horner, Susan,
Dates associated with a name
Relator term ავტორი
9 (RLIN) 9722
700 1# - ADDED ENTRY--PERSONAL NAME
Personal name Semley, Natalie,
Relator term ავტორი
9 (RLIN) 9723
776 08 - ADDITIONAL PHYSICAL FORM ENTRY
Relationship information ebook version :
International Standard Book Number 9781526422262
942 ## - ADDED ENTRY ELEMENTS (KOHA)
Source of classification or shelving scheme
Koha item type წიგნი
ეგზემპლარები
Withdrawn status Lost status Source of classification or shelving scheme Damaged status Not for loan Permanent Location Current Location Shelving location Date acquired Cost, normal purchase price Full call number Barcode Date last seen Copy number Price effective from Koha item type Public note
          ბათუმის შოთა რუსთაველის სახელმწიფო უნივერსიტეტის მთავარი ბიბლიოთეკა ბათუმის შოთა რუსთაველის სახელმწიფო უნივერსიტეტის მთავარი ბიბლიოთეკა წიგნსაცავი 2020-11-05 161.00 338.48 B-90 61108 2020-11-05 61108 2020-11-05 წიგნი 161 ლ.
          ბათუმის შოთა რუსთაველის სახელმწიფო უნივერსიტეტის მთავარი ბიბლიოთეკა ბათუმის შოთა რუსთაველის სახელმწიფო უნივერსიტეტის მთავარი ბიბლიოთეკა წიგნსაცავი 2022-07-15 195.00 338.48 B-90 62994 2022-07-15 62994 2022-07-15 წიგნი 195gel.